000 00692nam a2200217Ii 4500
003 JO-AjNU
008 230605s9999||||xx |||||||||||||| ||und||
020 _a2-7451-3541-4
040 _aJO-AjNU
_bara
_erda
_cJO-AjNU
041 _aara
050 1 4 _aPJ7860.A37.S23 2002
100 3 _aتأليف الرافعي،مصطفى صادق ,
_eauthor
_910308
245 0 0 _aالسحاب الأحمر
250 _aط1
264 3 1 _aبيروت:دار الكتب العلمية،2002
300 _a93ص
336 _atext
_btxt
_2rdacontent
337 _aunmediated
_bn
_2rdamedia
338 _avolume
_bnc
_2rdacarrier
650 4 _aالأدب العربي - مصر - القرن العشرين
_910309
999 _aA1741
_c5309
_d5309